LEADER 00768nam0 2200265 450 001 000017210 005 20190104115940.0 100 $a20081008d1934----km-y0itay50------ba 101 0 $aita 102 $aIT 105 $ay-------001yy 200 1 $aCompendio di contabilità di Stato$fSabino Spinedi 205 $a2. ed. 210 $aBari$cLaterza$d1934 215 $a228 p., [4] c. di tav. ripieg.$d17 cm 225 2 $aManuali Laterza 410 0$12001$aManuali Laterza 610 1 $aContabilità di Stato 676 $a350.722$v19 700 1$aSpinedi,$bSabino$0332055 801 0$aIT$bUNIPARTHENOPE$c20081008$gRICA$2UNIMARC 912 $a000017210 951 $a350.722/100$b1602$cNAVA4 996 $aCompendio di contabilità di stato$9111813 997 $aUNIPARTHENOPE LEADER 01691oam 2200481zu 450 001 9910376227203321 005 20210807001932.0 035 $a(CKB)3170000000002034 035 $a(SSID)ssj0001138667 035 $a(PQKBManifestationID)11669840 035 $a(PQKBTitleCode)TC0001138667 035 $a(PQKBWorkID)11170368 035 $a(PQKB)10257174 035 $a(WaSeSS)IndRDA00014300 035 $a(Association for Computing Machinery)10.1145/503376 035 $a(EXLCZ)993170000000002034 100 $a20160829d2002 uy 101 0 $aeng 135 $aur||||||||||| 181 $ctxt 182 $cc 183 $acr 200 10$aProceedings of the SIGCHI Conference on Human Factors in Computing Systems 210 31$a[Place of publication not identified]$cACM$d2002 215 $a1 online resource (478 pages) 225 1 $aACM Conferences 300 $aBibliographic Level Mode of Issuance: Monograph 311 $a1-58113-453-3 410 0$aACM Conferences 517 1 $aProceedings of the Special Interest Group on Computer-Human Interaction Conference on Human Factors in Computing Systems 517 1 $aCHI '02 Human Factors in Computing Systems, Minneapolis, MN, USA - April 20 - 25, 2002 606 $aEngineering & Applied Sciences$2HILCC 606 $aComputer Science$2HILCC 615 7$aEngineering & Applied Sciences 615 7$aComputer Science 700 $aWixon$b Dennis$0887126 702 $aWixon$b Dennis 712 02$aSIGCHI (Group : U.S.) 801 0$bPQKB 906 $aBOOK 912 $a9910376227203321 996 $aProceedings of the SIGCHI Conference on Human Factors in Computing Systems$91981495 997 $aUNINA